| 000 | 00352nam a2200121Ia 4500 | ||
|---|---|---|---|
| 008 | 190216s9999||||xx |||||||||||||| ||und|| | ||
| 100 | _aTadon V K &gaur S P | ||
| 245 | 0 | _aReactive Intermediates In Organic Chemistry | |
| 260 |
_bOxford And Ibh Publishing Co. Pvt Ltd _c1980 |
||
| 300 | _a139p | ||
| 650 | _aChemistry And Allied Sciences | ||
| 942 | _cBK | ||
| 999 |
_c2711 _d2711 |
||